[Event "Storsjodraget 2022"]
[Site "Ostersund"]
[Date "2022.06.11"]
[Round "4"]
[Board "9"]
[White "Sandstad, Linus"]
[Black "Pettersson, Tobias"]
[Result "1/2-1/2"]
[WhiteElo "1642"]
[BlackElo "2035"]
[PlyCount "0"]
[EventDate "2022.06.10"]
[EventRounds "7"]
[EventCountry "SWE"]

1. e4 {[%clk 01:30:57]} {[%emt 00:00:02]} d6 {[%clk 01:29:05]} {[%emt
00:01:55]} 2. d4 {[%clk 01:31:20]} {[%emt 00:00:08]} Nf6 {[%clk 01:29:25]}
{[%emt 00:00:08]} 3. Nc3 {[%clk 01:31:45]} {[%emt 00:00:06]} c6 {[%clk
01:29:43]} {[%emt 00:00:11]} 4. f4 {[%clk 01:31:09]} {[%emt 00:01:07]} Qa5
{[%clk 01:30:03]} {[%emt 00:00:09]} 5. Bd3 {[%clk 01:29:23]} {[%emt 00:02:17]}
e5 {[%clk 01:30:20]} {[%emt 00:00:12]} 6. fxe5 {[%clk 01:25:23]} {[%emt
00:04:32]} dxe5 {[%clk 01:30:39]} {[%emt 00:00:10]} 7. dxe5 {[%clk 01:23:52]}
{[%emt 00:02:02]} Qxe5 {[%clk 01:30:37]} {[%emt 00:00:31]} 8. Nf3 {[%clk
01:23:05]} {[%emt 00:01:17]} Qc5 {[%clk 01:27:30]} {[%emt 00:03:35]} 9. Qe2
{[%clk 01:21:49]} {[%emt 00:01:48]} Be7 {[%clk 01:21:52]} {[%emt 00:06:08]} 10.
Be3 {[%clk 01:17:27]} {[%emt 00:04:52]} Qa5 {[%clk 01:19:24]} {[%emt 00:02:57]}
11. O-O {[%clk 01:10:04]} {[%emt 00:07:54]} Nbd7 {[%clk 01:17:45]} {[%emt
00:02:09]} 12. Bd4 {[%clk 01:03:20]} {[%emt 00:07:14]} Bc5 {[%clk 01:15:29]}
{[%emt 00:02:45]} 13. e5 {[%clk 01:00:40]} {[%emt 00:03:12]} Bxd4+ {[%clk
01:15:01]} {[%emt 00:00:57]} 14. Nxd4 {[%clk 01:01:04]} {[%emt 00:00:07]} Qxe5
{[%clk 01:12:02]} {[%emt 00:03:29]} 15. Rae1 {[%clk 00:54:44]} {[%emt
00:06:49]} Qxe2 {[%clk 01:11:32]} {[%emt 00:01:00]} 16. Rxe2+ {[%clk 00:55:12]}
{[%emt 00:00:02]} Kf8 {[%clk 01:08:19]} {[%emt 00:03:43]} 17. g4 {[%clk
00:44:36]} {[%emt 00:11:06]} h6 {[%clk 01:00:29]} {[%emt 00:08:20]} 18. h4
{[%clk 00:42:29]} {[%emt 00:02:37]} Nc5 {[%clk 00:55:00]} {[%emt 00:05:58]} 19.
g5 {[%clk 00:36:40]} {[%emt 00:06:20]} hxg5 {[%clk 00:49:33]} {[%emt 00:05:56]}
20. hxg5 {[%clk 00:36:50]} {[%emt 00:00:21]} Nxd3 {[%clk 00:46:41]} {[%emt
00:03:22]} 21. gxf6 {[%clk 00:28:40]} {[%emt 00:08:40]} Nxb2 {[%clk 00:46:38]}
{[%emt 00:00:33]} 22. Ne4 {[%clk 00:26:33]} {[%emt 00:02:35]} gxf6 {[%clk
00:31:06]} {[%emt 00:16:03]} 23. Nd6 {[%clk 00:22:08]} {[%emt 00:04:57]} Rg8+
{[%clk 00:22:11]} {[%emt 00:09:25]} 24. Kh2 {[%clk 00:19:55]} {[%emt 00:02:42]}
Rh8+ {[%clk 00:18:49]} {[%emt 00:03:51]} 25. Kg1 {[%clk 00:18:35]} {[%emt
00:01:50]} c5 {[%clk 00:17:10]} {[%emt 00:02:10]} 26. Rxf6 {[%clk 00:17:01]}
{[%emt 00:02:04]} Rg8+ {[%clk 00:11:32]} {[%emt 00:06:08]} 27. Kf2 {[%clk
00:16:18]} {[%emt 00:01:13]} Kg7 {[%clk 00:08:28]} {[%emt 00:03:34]} 28. Rxf7+
{[%clk 00:16:26]} {[%emt 00:00:22]} Kg6 {[%clk 00:06:38]} {[%emt 00:02:19]} 29.
Ke1 {[%clk 00:15:41]} {[%emt 00:01:16]} Bg4 {[%clk 00:05:57]} {[%emt 00:01:12]}
30. Rg2 {[%clk 00:12:04]} {[%emt 00:04:06]} Rae8+ {[%clk 00:03:36]} {[%emt
00:02:51]} 31. Kf1 {[%clk 00:11:59]} {[%emt 00:00:34]} cxd4 {[%clk 00:01:31]}
{[%emt 00:02:36]} 32. Rxb7 {[%clk 00:08:56]} {[%emt 00:03:33]} Nd1 {[%clk
00:00:46]} {[%emt 00:01:15]} 33. Rxg4+ {[%clk 00:07:41]} {[%emt 00:01:45]} Kh5
{[%clk 00:01:02]} {[%emt 00:00:15]} 34. Nxe8 {[%clk 00:07:34]} {[%emt
00:00:37]} Ne3+ {[%clk 00:01:07]} {[%emt 00:00:24]} 35. Ke2 {[%clk 00:07:20]}
{[%emt 00:00:44]} Nxg4 {[%clk 00:01:30]} {[%emt 00:00:07]} 36. Nd6 {[%clk
00:07:08]} {[%emt 00:00:43]} Rd8 {[%clk 00:01:34]} {[%emt 00:00:24]} 37. Ne4
{[%clk 00:06:21]} {[%emt 00:01:18]} Rc8 {[%clk 00:00:43]} {[%emt 00:01:21]} 38.
Kd3 {[%clk 00:06:24]} {[%emt 00:00:28]} Kg6 {[%clk 00:00:39]} {[%emt 00:00:34]}
39. Rxa7 {[%clk 00:06:40]} {[%emt 00:00:14]} Ne5+ {[%clk 00:01:04]} {[%emt
00:00:04]} 40. Kd2 {[%clk 00:06:45]} {[%emt 00:00:25]} Nc4+ {[%clk 00:01:26]}
{[%emt 00:00:07]} 41. Ke2 {[%clk 00:05:59]} {[%emt 00:01:16]} Ne3 {[%clk
00:01:33]} {[%emt 00:00:24]} 42. Ra6+ {[%clk 00:06:10]} {[%emt 00:00:19]} Kg7
{[%clk 00:01:55]} {[%emt 00:00:08]} 43. c3 {[%clk 00:04:55]} {[%emt 00:01:46]}
dxc3 {[%clk 00:02:14]} {[%emt 00:00:11]} 44. Nxc3 {[%clk 00:05:12]} {[%emt
00:00:12]} Rxc3 {[%clk 00:02:38]} {[%emt 00:00:06]} 45. Kd2 {[%clk 00:05:26]}
{[%emt 00:00:17]} Nd5 {[%clk 00:02:55]} {[%emt 00:00:12]} 46. Ra5 {[%clk
00:05:32]} {[%emt 00:00:24]} Rh3 {[%clk 00:03:12]} {[%emt 00:00:12]} 47. Rxd5
{[%clk 00:05:53]} {[%emt 00:00:10]} Rh2+ {[%clk 00:03:35]} {[%emt 00:00:06]} 48.
Kd3 {[%clk 00:06:09]} {[%emt 00:00:15]} Rxa2 {[%clk 00:03:57]} {[%emt
00:00:08]}  1/2-1/2

[Event "Storsjodraget 2022"]
[Site "Ostersund"]
[Date "2022.06.11"]
[Round "4"]
[Board "12"]
[White "Lind, Jan-Olov"]
[Black "Johansson, Alexander"]
[Result "1-0"]
[WhiteElo "2169"]
[BlackElo "1582"]
[PlyCount "0"]
[EventDate "2022.06.10"]
[EventRounds "7"]
[EventCountry "SWE"]

1. e4 {[%clk 01:30:53]} {[%emt 00:00:05]} c6 {[%clk 01:30:52]} {[%emt
00:00:09]} 2. d4 {[%clk 01:31:11]} {[%emt 00:00:12]} d5 {[%clk 01:31:13]}
{[%emt 00:00:09]} 3. exd5 {[%clk 01:31:36]} {[%emt 00:00:05]} cxd5 {[%clk
01:31:36]} {[%emt 00:00:07]} 4. c4 {[%clk 01:31:59]} {[%emt 00:00:06]} Nf6
{[%clk 01:31:11]} {[%emt 00:00:53]} 5. Nc3 {[%clk 01:32:23]} {[%emt 00:00:08]}
g6 {[%clk 01:31:15]} {[%emt 00:00:26]} 6. Qb3 {[%clk 01:32:12]} {[%emt
00:00:41]} Bg7 {[%clk 01:29:29]} {[%emt 00:02:16]} 7. cxd5 {[%clk 01:32:32]}
{[%emt 00:00:10]} Nbd7 {[%clk 01:28:38]} {[%emt 00:01:22]} 8. Be2 {[%clk
01:25:44]} {[%emt 00:07:17]} O-O {[%clk 01:27:50]} {[%emt 00:01:19]} 9. Bf3
{[%clk 01:25:59]} {[%emt 00:00:15]} Qb6 {[%clk 01:18:10]} {[%emt 00:10:10]} 10.
Qd1 {[%clk 01:22:19]} {[%emt 00:04:09]} Ne8 {[%clk 01:09:22]} {[%emt 00:09:18]}
11. Nge2 {[%clk 01:21:50]} {[%emt 00:00:59]} Nc7 {[%clk 01:07:55]} {[%emt
00:01:57]} 12. O-O {[%clk 01:18:23]} {[%emt 00:03:57]} Nf6 {[%clk 01:06:08]}
{[%emt 00:02:18]} 13. Bf4 {[%clk 01:16:31]} {[%emt 00:02:21]} Rd8 {[%clk
01:05:07]} {[%emt 00:01:32]} 14. Na4 {[%clk 01:15:06]} {[%emt 00:01:55]} Qa5
{[%clk 00:56:58]} {[%emt 00:08:39]} 15. b4 {[%clk 01:15:21]} {[%emt 00:00:14]}
Qxb4 {[%clk 00:56:57]} {[%emt 00:00:32]} 16. Bxc7 {[%clk 01:15:42]} {[%emt
00:00:09]} Rd7 {[%clk 00:56:14]} {[%emt 00:01:12]} 17. a3 {[%clk 01:04:29]}
{[%emt 00:11:44]}  1-0

[Event "Storsjodraget 2022"]
[Site "Ostersund"]
[Date "2022.06.11"]
[Round "5"]
[Board "1"]
[White "Hart, Alexander"]
[Black "Akesson, Ralf"]
[Result "0-1"]
[WhiteElo "2084"]
[BlackElo "2421"]
[PlyCount "0"]
[EventDate "2022.06.10"]
[EventRounds "7"]
[EventCountry "SWE"]

1. d4 {[%clk 01:30:52]} {[%emt 00:00:07]} Nf6 {[%clk 01:30:14]} {[%emt
00:00:47]} 2. c4 {[%clk 01:31:16]} {[%emt 00:00:06]} g6 {[%clk 01:30:13]}
{[%emt 00:00:31]} 3. f3 {[%clk 01:31:40]} {[%emt 00:00:05]} d5 {[%clk
01:30:20]} {[%emt 00:00:23]} 4. cxd5 {[%clk 01:32:05]} {[%emt 00:00:06]} Nxd5
{[%clk 01:30:41]} {[%emt 00:00:09]} 5. e4 {[%clk 01:32:30]} {[%emt 00:00:04]}
Nb6 {[%clk 01:30:58]} {[%emt 00:00:13]} 6. Nc3 {[%clk 01:32:56]} {[%emt
00:00:05]} Bg7 {[%clk 01:30:52]} {[%emt 00:00:36]} 7. Be3 {[%clk 01:33:15]}
{[%emt 00:00:08]} O-O {[%clk 01:29:18]} {[%emt 00:02:06]} 8. Qd2 {[%clk
01:33:04]} {[%emt 00:00:40]} Nc6 {[%clk 01:27:21]} {[%emt 00:02:28]} 9. O-O-O
{[%clk 01:32:21]} {[%emt 00:01:13]} Qd6 {[%clk 01:24:30]} {[%emt 00:03:21]} 10.
d5 {[%clk 01:27:19]} {[%emt 00:05:32]} Ne5 {[%clk 01:23:33]} {[%emt 00:01:27]}
11. Bd4 {[%clk 01:16:34]} {[%emt 00:11:15]} c6 {[%clk 01:15:52]} {[%emt
00:08:11]} 12. f4 {[%clk 01:10:07]} {[%emt 00:06:58]} Nec4 {[%clk 01:11:02]}
{[%emt 00:05:20]} 13. Qf2 {[%clk 01:08:14]} {[%emt 00:02:22]} Bxd4 {[%clk
01:07:11]} {[%emt 00:04:21]} 14. Rxd4 {[%clk 01:07:47]} {[%emt 00:00:58]} Qc5
{[%clk 01:01:06]} {[%emt 00:06:35]} 15. Nf3 {[%clk 01:04:30]} {[%emt 00:03:47]}
cxd5 {[%clk 00:59:35]} {[%emt 00:02:01]} 16. exd5 {[%clk 01:04:24]} {[%emt
00:00:36]} Bf5 {[%clk 00:53:09]} {[%emt 00:06:55]} 17. Nd2 {[%clk 00:53:25]}
{[%emt 00:11:29]} Nd6 {[%clk 00:30:12]} {[%emt 00:23:27]} 18. Qe3 {[%clk
00:46:31]} {[%emt 00:07:24]} Nxd5 {[%clk 00:27:34]} {[%emt 00:03:08]} 19. Qe5
{[%clk 00:46:09]} {[%emt 00:00:52]} e6 {[%clk 00:27:43]} {[%emt 00:00:22]} 20.
Nc4 {[%clk 00:28:43]} {[%emt 00:17:55]} Nxc4 {[%clk 00:23:18]} {[%emt
00:04:54]} 21. Rxc4 {[%clk 00:18:01]} {[%emt 00:11:13]} Qf2 {[%clk 00:22:14]}
{[%emt 00:01:35]} 22. Qe2 {[%clk 00:14:04]} {[%emt 00:04:26]} Qxe2 {[%clk
00:20:02]} {[%emt 00:02:42]} 23. Nxe2 {[%clk 00:13:40]} {[%emt 00:00:54]} Rac8
{[%clk 00:19:57]} {[%emt 00:00:35]} 24. Rxc8 {[%clk 00:13:20]} {[%emt
00:00:50]} Rxc8+ {[%clk 00:20:19]} {[%emt 00:00:08]} 25. Kd1 {[%clk 00:13:12]}
{[%emt 00:00:38]} Rc2 {[%clk 00:19:32]} {[%emt 00:01:16]} 26. g4 {[%clk
00:13:00]} {[%emt 00:00:44]} Ne3+ {[%clk 00:19:32]} {[%emt 00:00:29]} 27. Ke1
{[%clk 00:13:29]} Bxg4 {[%clk 00:18:24]} {[%emt 00:01:40]}  0-1

[Event "Storsjodraget 2022"]
[Site "Ostersund"]
[Date "2022.06.11"]
[Round "5"]
[Board "2"]
[White "Larkin, Vladyslav"]
[Black "Gillefalk, Bjorn"]
[Result "1-0"]
[WhiteElo "2430"]
[BlackElo "2061"]
[PlyCount "0"]
[EventDate "2022.06.10"]
[EventRounds "7"]
[EventCountry "SWE"]

1. c4 {[%clk 01:30:56]} {[%emt 00:00:02]} e5 {[%clk 01:30:37]} {[%emt
00:00:23]} 2. e3 {[%clk 01:31:17]} {[%emt 00:00:10]} Nf6 {[%clk 01:30:18]}
{[%emt 00:00:49]} 3. a3 {[%clk 01:31:41]} {[%emt 00:00:06]} d6 {[%clk
01:29:09]} {[%emt 00:01:38]} 4. Nc3 {[%clk 01:31:41]} {[%emt 00:00:31]} g6
{[%clk 01:29:24]} {[%emt 00:00:16]} 5. Nge2 {[%clk 01:30:44]} {[%emt 00:01:27]}
Bg7 {[%clk 01:29:33]} {[%emt 00:00:21]} 6. g3 {[%clk 01:31:09]} {[%emt
00:00:05]} h5 {[%clk 01:27:11]} {[%emt 00:02:52]} 7. h3 {[%clk 01:31:15]}
{[%emt 00:00:24]} Be6 {[%clk 01:27:02]} {[%emt 00:00:39]} 8. Bg2 {[%clk
01:31:26]} {[%emt 00:00:19]} Qc8 {[%clk 01:27:10]} {[%emt 00:00:21]} 9. d4
{[%clk 01:24:52]} {[%emt 00:07:03]} O-O {[%clk 01:18:39]} {[%emt 00:09:02]} 10.
d5 {[%clk 01:24:51]} {[%emt 00:00:31]} Bd7 {[%clk 01:19:02]} {[%emt 00:00:07]}
11. e4 {[%clk 01:25:05]} {[%emt 00:00:16]} a5 {[%clk 01:14:50]} {[%emt
00:04:42]} 12. b3 {[%clk 01:25:29]} {[%emt 00:00:05]} Na6 {[%clk 01:12:53]}
{[%emt 00:02:27]} 13. Rb1 {[%clk 01:25:38]} {[%emt 00:00:22]} Ne8 {[%clk
01:02:50]} {[%emt 00:10:33]} 14. Be3 {[%clk 01:24:46]} {[%emt 00:01:21]} f5
{[%clk 01:00:19]} {[%emt 00:03:02]} 15. Qd2 {[%clk 01:24:57]} {[%emt 00:00:18]}
Nc5 {[%clk 00:59:36]} {[%emt 00:01:13]} 16. f3 {[%clk 01:23:24]} {[%emt
00:02:04]} a4 {[%clk 00:54:49]} {[%emt 00:05:17]} 17. b4 {[%clk 01:23:11]}
{[%emt 00:00:43]} Nb3 {[%clk 00:55:13]} {[%emt 00:00:06]} 18. Qd3 {[%clk
01:23:31]} {[%emt 00:00:10]} c5 {[%emt 00:03:42]} 19. dxc6 {[%clk 01:21:58]}
{[%emt 00:02:03]} bxc6 {[%clk 00:50:50]} {[%emt 00:01:41]} 20. Nxa4 {[%clk
01:22:02]} {[%emt 00:00:25]} Rxa4 {[%clk 00:51:13]} {[%emt 00:00:08]} 21. Qxb3
{[%clk 01:22:15]} {[%emt 00:00:17]} Qa8 {[%clk 00:47:36]} {[%emt 00:04:06]} 22.
Ra1 {[%clk 01:20:12]} {[%emt 00:02:33]} fxe4 {[%clk 00:42:22]} {[%emt
00:05:44]} 23. fxe4 {[%clk 01:20:25]} {[%emt 00:00:17]} Be6 {[%clk 00:42:32]}
{[%emt 00:00:21]} 24. Nc3 {[%clk 01:18:16]} {[%emt 00:02:40]} Ra7 {[%clk
00:41:43]} {[%emt 00:01:18]} 25. Rf1 {[%clk 01:17:12]} {[%emt 00:01:34]} Raf7
{[%clk 00:41:17]} {[%emt 00:00:56]} 26. Kd2 {[%clk 01:15:45]} {[%emt 00:01:57]}
Nc7 {[%clk 00:40:49]} {[%emt 00:00:57]} 27. a4 {[%clk 01:14:48]} {[%emt
00:01:27]} Qc8 {[%clk 00:40:07]} {[%emt 00:01:12]} 28. Rxf7 {[%clk 01:15:06]}
{[%emt 00:00:13]} Rxf7 {[%clk 00:40:22]} {[%emt 00:00:16]} 29. Rf1 {[%clk
00:59:30]} {[%emt 00:16:05]} Bxh3 {[%clk 00:37:43]} {[%emt 00:03:10]} 30. Bxh3
{[%clk 00:59:55]} {[%emt 00:00:04]} Qxh3 {[%clk 00:38:05]} {[%emt 00:00:08]} 31.
Rxf7 {[%clk 01:00:05]} {[%emt 00:00:20]} Kxf7 {[%clk 00:38:28]} {[%emt
00:00:07]} 32. b5 {[%clk 01:00:19]} {[%emt 00:00:15]} Qg2+ {[%clk 00:37:14]}
{[%emt 00:01:44]} 33. Ne2 {[%clk 00:57:29]} {[%emt 00:03:20]} Qxe4 {[%clk
00:36:45]} {[%emt 00:01:00]} 34. b6 {[%clk 00:57:28]} {[%emt 00:00:31]} Na6
{[%clk 00:36:10]} {[%emt 00:01:04]} 35. b7 {[%clk 00:57:52]} {[%emt 00:00:06]}
d5 {[%clk 00:32:46]} {[%emt 00:03:54]} 36. cxd5 {[%clk 00:51:25]} {[%emt
00:06:57]} cxd5 {[%clk 00:30:38]} {[%emt 00:02:39]} 37. b8=Q {[%clk 00:49:40]}
{[%emt 00:02:14]} Nxb8 {[%clk 00:31:00]} {[%emt 00:00:08]} 38. Qxb8 {[%clk
00:50:04]} {[%emt 00:00:07]} Bf8 {[%clk 00:26:50]} {[%emt 00:04:41]} 39. Qa7+
{[%clk 00:43:57]} {[%emt 00:06:36]} Ke6 {[%clk 00:22:06]} {[%emt 00:05:14]} 40.
Qa6+ {[%clk 00:37:48]} {[%emt 00:06:38]} Kf7 {[%clk 00:22:13]} {[%emt
00:00:23]} 41. Bg5 {[%clk 00:32:37]} {[%emt 00:05:42]} Bb4+ {[%clk 00:19:33]}
{[%emt 00:03:09]} 42. Kd1 {[%clk 00:32:52]} {[%emt 00:00:15]} d4 {[%clk
00:11:52]} {[%emt 00:08:12]} 43. Qc4+ {[%clk 00:32:59]} {[%emt 00:00:23]}  1-0

[Event "Storsjodraget 2022"]
[Site "Ostersund"]
[Date "2022.06.11"]
[Round "5"]
[Board "3"]
[White "Soderstrom, Adrian"]
[Black "Kashwan, Hassan"]
[Result "1-0"]
[WhiteElo "2278"]
[BlackElo "1903"]
[PlyCount "0"]
[EventDate "2022.06.10"]
[EventRounds "7"]
[EventCountry "SWE"]

1. d4 {[%clk 01:30:57]} {[%emt 00:00:02]} Nf6 {[%clk 01:25:14]} {[%emt
00:05:47]} 2. c4 {[%clk 01:31:18]} {[%emt 00:00:09]} e6 {[%clk 01:24:37]}
{[%emt 00:01:07]} 3. Nf3 {[%clk 01:31:38]} {[%emt 00:00:10]} d5 {[%clk
01:24:55]} {[%emt 00:00:13]} 4. Nc3 {[%clk 01:31:44]} {[%emt 00:00:24]} h6
{[%clk 01:23:58]} {[%emt 00:01:27]} 5. g3 {[%clk 01:26:55]} {[%emt 00:05:19]}
Nbd7 {[%clk 01:20:00]} {[%emt 00:04:28]} 6. cxd5 {[%clk 01:23:28]} {[%emt
00:03:56]} exd5 {[%clk 01:19:51]} {[%emt 00:00:40]} 7. Bg2 {[%clk 01:23:55]}
{[%emt 00:00:03]} c6 {[%clk 01:19:52]} {[%emt 00:00:28]} 8. O-O {[%clk
01:24:22]} {[%emt 00:00:04]} Bd6 {[%clk 01:19:58]} {[%emt 00:00:24]} 9. Rb1
{[%clk 01:21:41]} {[%emt 00:03:10]} O-O {[%clk 01:18:05]} {[%emt 00:02:23]} 10.
Qc2 {[%clk 01:18:31]} {[%emt 00:03:39]} Re8 {[%clk 01:18:06]} {[%emt 00:00:30]}
11. e3 {[%clk 00:58:55]} {[%emt 00:20:06]} Nf8 {[%clk 01:12:29]} {[%emt
00:06:07]} 12. Bd2 {[%clk 00:56:29]} {[%emt 00:02:56]} Ng6 {[%emt 00:03:57]} 13.
Rfc1 {[%clk 00:51:30]} {[%emt 00:05:27]} Be6 {[%clk 01:06:14]} {[%emt
00:03:20]} 14. Bf1 {[%clk 00:38:21]} {[%emt 00:13:39]} Bg4 {[%clk 01:00:13]}
{[%emt 00:06:31]} 15. Ne1 {[%clk 00:37:52]} {[%emt 00:00:58]} Qd7 {[%clk
00:55:57]} {[%emt 00:04:47]} 16. Bd3 {[%clk 00:37:31]} {[%emt 00:00:51]} Nf8
{[%clk 00:55:50]} {[%emt 00:00:37]} 17. f3 {[%clk 00:34:20]} {[%emt 00:03:41]}
Bh3 {[%clk 00:50:43]} {[%emt 00:05:36]} 18. Ne2 {[%clk 00:30:25]} {[%emt
00:04:25]} g5 {[%clk 00:34:10]} {[%emt 00:17:04]} 19. b4 {[%clk 00:27:40]}
{[%emt 00:03:15]} Rac8 {[%clk 00:31:11]} {[%emt 00:03:29]} 20. Rb3 {[%clk
00:24:49]} {[%emt 00:03:22]} Kg7 {[%clk 00:27:15]} {[%emt 00:04:25]} 21. Ng2
{[%clk 00:20:56]} {[%emt 00:04:23]} Bxg2 {[%clk 00:25:32]} {[%emt 00:02:14]} 22.
Kxg2 {[%clk 00:21:24]} {[%emt 00:00:01]} Rc7 {[%clk 00:21:59]} {[%emt
00:04:03]} 23. Bf5 {[%clk 00:18:24]} {[%emt 00:03:30]} Qe7 {[%clk 00:21:56]}
{[%emt 00:00:26]} 24. Re1 {[%clk 00:17:08]} {[%emt 00:01:52]} Qd8 {[%clk
00:20:45]} {[%emt 00:01:42]} 25. Nc1 {[%clk 00:16:21]} {[%emt 00:01:17]} Rce7
{[%clk 00:17:13]} {[%emt 00:04:02]} 26. Nd3 {[%clk 00:16:07]} {[%emt 00:00:44]}
Ne6 {[%clk 00:17:21]} {[%emt 00:00:22]} 27. Kf2 {[%clk 00:14:59]} {[%emt
00:01:38]} Rh8 {[%clk 00:15:26]} {[%emt 00:02:25]} 28. b5 {[%clk 00:13:39]}
{[%emt 00:01:50]} cxb5 {[%clk 00:14:47]} {[%emt 00:01:09]} 29. Rxb5 {[%clk
00:13:41]} {[%emt 00:00:28]} b6 {[%clk 00:14:56]} {[%emt 00:00:22]} 30. Rb3
{[%clk 00:13:07]} {[%emt 00:01:03]} h5 {[%clk 00:13:53]} {[%emt 00:01:33]} 31.
Bb4 {[%clk 00:12:25]} {[%emt 00:01:11]} h4 {[%clk 00:14:03]} {[%emt 00:00:21]}
32. Kg2 {[%clk 00:11:09]} {[%emt 00:01:46]} hxg3 {[%clk 00:12:40]} {[%emt
00:01:53]} 33. hxg3 {[%clk 00:11:05]} {[%emt 00:00:34]} Bxb4 {[%clk 00:12:12]}
{[%emt 00:00:58]} 34. Rxb4 {[%clk 00:11:06]} {[%emt 00:00:29]} Qd6 {[%clk
00:12:26]} {[%emt 00:00:16]} 35. Rb3 {[%clk 00:09:54]} {[%emt 00:01:43]} Rc7
{[%clk 00:11:46]} {[%emt 00:01:09]} 36. Qf2 {[%clk 00:09:00]} {[%emt 00:01:23]}
Rhc8 {[%clk 00:09:53]} {[%emt 00:02:24]} 37. Ne5 {[%clk 00:09:07]} {[%emt
00:00:23]} Rc1 {[%clk 00:09:14]} {[%emt 00:01:08]} 38. Rb1 {[%clk 00:07:37]}
{[%emt 00:02:01]} Rxb1 {[%clk 00:08:33]} {[%emt 00:01:11]} 39. Rxb1 {[%clk
00:08:04]} {[%emt 00:00:04]} Qa3 {[%clk 00:08:30]} {[%emt 00:00:30]} 40. Rb3
{[%clk 00:07:24]} {[%emt 00:01:11]} Qc1 {[%clk 00:08:35]} {[%emt 00:00:22]} 41.
Qb2 {[%clk 00:07:30]} {[%emt 00:00:27]} Qd1 {[%clk 00:08:21]} {[%emt 00:00:42]}
42. Rc3 {[%clk 00:06:37]} {[%emt 00:01:26]} Rxc3 {[%clk 00:05:55]} {[%emt
00:02:56]} 43. Qxc3 {[%clk 00:07:06]} {[%emt 00:00:01]} Qe2+ {[%clk 00:06:14]}
{[%emt 00:00:12]} 44. Kg1 {[%clk 00:07:33]} {[%emt 00:00:02]} Qb5 {[%clk
00:03:43]} {[%emt 00:03:01]} 45. Bxe6 {[%clk 00:06:41]} {[%emt 00:01:21]} Qb1+
{[%clk 00:03:13]} {[%emt 00:01:01]} 46. Kg2 {[%clk 00:07:04]} {[%emt 00:00:06]}
fxe6 {[%clk 00:01:08]} {[%emt 00:02:36]} 47. Qc7+ {[%clk 00:06:43]} {[%emt
00:00:51]} Kh6 {[%clk 00:01:15]} {[%emt 00:00:23]} 48. Qf7 {[%clk 00:06:31]}
{[%emt 00:00:41]} Qc2+ {[%clk 00:01:40]} {[%emt 00:00:05]} 49. Kh3 {[%clk
00:07:00]} g4+ {[%clk 00:00:50]} {[%emt 00:01:21]} 50. fxg4 {[%clk 00:07:06]}
{[%emt 00:00:23]} Nxg4 {[%emt 00:00:50]}  1-0

[Event "Storsjodraget 2022"]
[Site "Ostersund"]
[Date "2022.06.11"]
[Round "5"]
[Board "4"]
[White "Bohman Karlholm, Adrian"]
[Black "Nygren, David"]
[Result "1-0"]
[WhiteElo "2089"]
[BlackElo "2182"]
[PlyCount "0"]
[EventDate "2022.06.10"]
[EventRounds "7"]
[EventCountry "SWE"]

1. d4 {[%clk 01:30:58]} {[%emt 00:00:01]} c5 {[%clk 01:30:50]} {[%emt
00:00:11]} 2. d5 {[%clk 01:31:10]} {[%emt 00:00:17]} e5 {[%clk 01:31:14]}
{[%emt 00:00:06]} 3. c4 {[%clk 01:30:55]} {[%emt 00:00:45]} d6 {[%clk
01:31:27]} {[%emt 00:00:17]} 4. Nc3 {[%clk 01:30:58]} {[%emt 00:00:26]} Be7
{[%clk 01:31:18]} {[%emt 00:00:39]} 5. e4 {[%clk 01:30:01]} {[%emt 00:01:28]}
a6 {[%clk 01:30:17]} {[%emt 00:01:32]} 6. Nf3 {[%clk 01:28:55]} {[%emt
00:01:34]} Bg4 {[%clk 01:29:54]} {[%emt 00:00:53]} 7. Bd3 {[%clk 01:25:22]}
{[%emt 00:04:03]} Bxf3 {[%clk 01:25:48]} {[%emt 00:04:36]} 8. Qxf3 {[%clk
01:25:39]} {[%emt 00:00:14]} Bg5 {[%clk 01:25:22]} {[%emt 00:00:56]} 9. O-O
{[%clk 01:22:57]} {[%emt 00:03:12]} Bxc1 {[%clk 01:25:39]} {[%emt 00:00:14]} 10.
Raxc1 {[%clk 01:23:08]} {[%emt 00:00:18]} Ne7 {[%clk 01:25:09]} {[%emt
00:01:00]} 11. a3 {[%clk 01:16:02]} {[%emt 00:07:36]} Nd7 {[%clk 01:24:03]}
{[%emt 00:01:37]} 12. Rb1 {[%clk 01:14:21]} {[%emt 00:02:10]} g5 {[%clk
01:18:17]} {[%emt 00:06:16]} 13. Qh5 {[%clk 01:06:41]} {[%emt 00:08:10]} Ng6
{[%clk 01:16:28]} {[%emt 00:02:17]} 14. g3 {[%clk 01:05:09]} {[%emt 00:02:04]}
Rg8 {[%clk 01:11:10]} {[%emt 00:05:47]} 15. Be2 {[%clk 00:54:17]} {[%emt
00:11:22]} Nf6 {[%clk 01:04:09]} {[%emt 00:07:31]} 16. Qxg5 {[%clk 00:41:50]}
{[%emt 00:12:57]} Nf4 {[%clk 01:03:26]} {[%emt 00:01:13]} 17. Qh4 {[%clk
00:41:35]} {[%emt 00:00:45]} Nxe2+ {[%clk 01:01:49]} {[%emt 00:02:08]} 18. Nxe2
{[%clk 00:41:55]} {[%emt 00:00:10]} Rg4 {[%clk 01:02:10]} {[%emt 00:00:08]} 19.
Qh3 {[%clk 00:37:42]} {[%emt 00:04:43]} Rxe4 {[%clk 01:01:19]} {[%emt
00:01:22]} 20. Nc3 {[%clk 00:32:05]} {[%emt 00:06:06]} Rxc4 {[%clk 00:58:12]}
{[%emt 00:03:37]} 21. f4 {[%clk 00:32:16]} {[%emt 00:00:19]} exf4 {[%clk
00:51:24]} {[%emt 00:07:19]} 22. Rbe1+ {[%clk 00:28:26]} {[%emt 00:04:20]} Kf8
{[%clk 00:51:46]} {[%emt 00:00:08]} 23. Qh6+ {[%clk 00:24:04]} {[%emt
00:04:51]} Kg8 {[%clk 00:52:08]} {[%emt 00:00:08]} 24. gxf4 {[%clk 00:23:32]}
{[%emt 00:01:03]} Kh8 {[%clk 00:50:08]} {[%emt 00:02:29]} 25. Re8+ {[%clk
00:16:36]} {[%emt 00:07:26]} Qxe8 {[%clk 00:49:59]} {[%emt 00:00:40]} 26. Qxf6+
{[%clk 00:16:59]} {[%emt 00:00:06]} Kg8 {[%clk 00:50:00]} {[%emt 00:00:29]} 27.
Kh1 {[%clk 00:16:18]} {[%emt 00:01:10]} Qd8 {[%clk 00:47:17]} {[%emt 00:03:14]}
28. Qh6 {[%clk 00:15:07]} {[%emt 00:01:41]}  1-0